Zur mittelalterlichen Geschichte der Stadt und Herrschaft Lublinitz in Oberschlesien

Titel: Zur mittelalterlichen Geschichte der Stadt und Herrschaft Lublinitz in Oberschlesien / Walter Krause
darin enthalten: ˜Einœ Servisstreit in Posen / Hugo Sommer
Beteiligt: ; ; ;
Veröffentlicht: Posen : Verlag der Historischen Gesellschaft für Posen, 1938
Umfang: Seiten [33]-58
Format: Buch
Sprache: Deutsch
Schlagworte:
Kein Bild verfügbar
X
alg: 52438563
001A    $03004:04-12-24 
001B    $03004:16-04-25 $t14:17:23.000 
001D    $03004:04-12-24 
001U    $0utf8 
001X    $00 
002@    $0Aau 
002C    $aText $btxt $2rdacontent 
002D    $aohne Hilfsmittel zu benutzen $bn $2rdamedia 
002E    $aBand $bnc $2rdacarrier 
003@    $0524385637 
003O    $01142848047 $aOCoLC 
006C    $01142848047 $aOCoLC 
007A    $0524385637 $aHEB 
010@    $ager 
010E    $erda 
011@    $a1938 $n1938 
021A    $aZur mittelalterlichen Geschichte der Stadt und Herrschaft Lublinitz in Oberschlesien $hWalter Krause 
021M    $aEin @Servisstreit in Posen $hHugo Sommer 
021M    $aDie @Rogasener Brandkatastrophen vom Jahre 1794 $hEdmund Klinkowski 
021M    $aEine @Bielitzer Begnadungs-Urkunde von 1316 $hCarl Hoinkes 
022A/01 $aZur mittelalterlichen Geschichte der Stadt und Herrschaft Lublinitz in Oberschlesient $X01 
022A/01 $aEin @Servisstreit in Posent $X02 
022A/01 $aDie @Rogasener Brandkatastrophen vom Jahre 1794t $X03 
022A/01 $aEine @Bielitzer Begnadungs-Urkunde von 1316t $X04 
028C    $BVerfasser $#Krause-Schlagge-Ziegert, ... $#Krause, W. $4autt $7 $8Krause, Walter [Tnd] $X01 $9137268831 
028C    $BVerfasser $4autt $71363215728 $8Sommer, Hugo$Z1860- [Tp3] $X02 $9529152029 
028C    $BVerfasser $4autt $7126490791 $8Klinkowski, Edmund$Z1910-1945 [Tp3] $X03 $9157050289 
028C    $BVerfasser $#Hoinkes, Carl $#Hoinkes-Bielitz, Carl $#Bielitz, Carl Hoinkes- $4autt $7126425450 $8Hoinkes, Karl$Z1882-1960 [Tp1] $X04 $9156986604 
033A    $pPosen $nVerlag der Historischen Gesellschaft für Posen 
034D    $aSeiten [33]-58 
039B    $pHeft 35, 1938 $aSonderdruck aus $tDeutsche wissenschaftliche Zeitschrift für Polen $dPosen $eVerlag der Historischen Gesellschaft für Posen $f1938 
044K    $RLoben $RPowiat lubliniecki $RWoiwodschaft Schlesien $#Loben $#Lublinitz $7600464-7 $8Lubliniec [Tg1] $9041556240 
044K    $RPolen $RNiederschlesien $ROberschlesien $RNiederschlesien $ROberschlesien $#Schlesien $#Schlesien $#Herzogtum Schlesien $#Herzogtum Schlesien Schlesien $#Provinz Schlesien $#Śla̜sk $#Slezsko $#Silesia $74052678-1 $8Schlesien [Tg1] $9085146781 
044K    $#Posen $#Posen $#Posnania $#Posna $#Pozniań $#Miasto Stołeczne Poznań $#Stołeczne Miasto Poznań $#Poznań $74046868-9 $8Posen [Tg1] $9085130834 
044K    $RBielsko $74088293-7 $8Bielitz [Tg1] $9085247383 
044K    $RRogasen $#Rogóźno $#Roggenhausen $75193908-3 $8Rogoźno [Tg1] $9051267446 
044K    $ROrtsgeschichte $#Local geography $#Géographie régionale $#Geografia regionale $#Geografia regional $#Heimatforschung $#Heimatgeschichte $74127794-6 $8Heimatkunde [Ts1] $9085440744 
044K    $RJudentum $RIsraeliten $RStämme Israels $#Jude $74028808-0 $8Juden [Ts1] $9085075922 
044K    $RBrand $#Feuersbrunst $#Großbrand $74146460-6 $8Brandkatastrophe [Ts1] $908558729X 
045F    $a307.0943850902 $eDDC23BSB 
045F/01 $a307.09 
045F/03 $f0902 
045F/03 $f0903 
045F/03 $g4385 
045F/03 $g43849 
045R    $aGeschichte 

lok: 52438563 24

exp: 52438563 24 1 #EPN
201B/01 $023-01-25 $t11:55:39.000 
201C/01 $004-12-24 
201U/01 $0utf8 
203@/01 $01285510429 
208@/01 $a04-12-24 $bz 
209A/01 $aS 38686 $du $f050 $hS 38686 $x00 
209C/01 $a24.07586 T $h24 07586 T 
209G/01 $a74904246 $x00 
220C/01 $awei 
247C/01 $8358050-7 Marburg, Bibliothek des Herder-Instituts Marburg $9102600961
LEADER 00000cam a2200000 c 4500
001 524385637
003 DE-603
005 20250416141723.0
007 tu
008 241204s1938 xx |||| | u00||u|ger c
035 |a (DE-599)HEB524385637 
035 |a (OCoLC)1142848047 
040 |a DE-603  |b ger  |c DE-603  |d DE-603  |e rda 
041 |a ger 
082 0 4 |8 1\u  |a 307.0943850902  |q DE-101  |2 23/BSB 
085 |8 1\u  |b 307.09 
085 |8 1\u  |z 1  |s 0902 
085 |8 1\u  |z 1  |s 0903 
085 |8 1\u  |z 2  |s 4385 
085 |8 1\u  |z 2  |s 43849 
245 0 0 |a Zur mittelalterlichen Geschichte der Stadt und Herrschaft Lublinitz in Oberschlesien  |c Walter Krause 
249 |a ˜Einœ Servisstreit in Posen  |v Hugo Sommer  |a ˜Dieœ Rogasener Brandkatastrophen vom Jahre 1794  |v Edmund Klinkowski  |a ˜Eineœ Bielitzer Begnadungs-Urkunde von 1316  |v Carl Hoinkes 
264 1 |a Posen  |b Verlag der Historischen Gesellschaft für Posen  |c 1938 
300 |a Seiten [33]-58 
336 |a Text  |b txt  |2 rdacontent 
337 |a ohne Hilfsmittel zu benutzen  |b n  |2 rdamedia 
338 |a Band  |b nc  |2 rdacarrier 
648 7 |a Geschichte  |2 gnd 
650 7 |a Heimatkunde  |0 (DE-588)4127794-6  |0 (DE-603)085440744  |2 gnd 
650 7 |a Juden  |0 (DE-588)4028808-0  |0 (DE-603)085075922  |2 gnd 
650 7 |a Brandkatastrophe  |0 (DE-588)4146460-6  |0 (DE-603)08558729X  |2 gnd 
651 7 |a Lubliniec  |0 (DE-588)600464-7  |0 (DE-603)041556240  |2 gnd 
651 7 |a Schlesien  |0 (DE-588)4052678-1  |0 (DE-603)085146781  |2 gnd 
651 7 |a Posen  |0 (DE-588)4046868-9  |0 (DE-603)085130834  |2 gnd 
651 7 |a Bielitz  |0 (DE-588)4088293-7  |0 (DE-603)085247383  |2 gnd 
651 7 |a Rogoźno  |0 (DE-588)5193908-3  |0 (DE-603)051267446  |2 gnd 
700 1 |a Krause, Walter  |e Verfasser  |4 autt  |0 (DE-603)137268831 
700 1 |a Sommer, Hugo  |d 1860-  |e Verfasser  |4 autt  |0 (DE-603)529152029  |0 (DE-588)1363215728  |2 gnd 
700 1 |a Klinkowski, Edmund  |d 1910-1945  |e Verfasser  |4 autt  |0 (DE-603)157050289  |0 (DE-588)126490791  |2 gnd 
700 1 |a Hoinkes, Karl  |d 1882-1960  |e Verfasser  |4 autt  |0 (DE-603)156986604  |0 (DE-588)126425450  |2 gnd 
700 1 2 |a Krause, Walter  |t Zur mittelalterlichen Geschichte der Stadt und Herrschaft Lublinitz in Oberschlesient 
700 1 2 |a Sommer, Hugo  |d 1860-  |t ˜Einœ Servisstreit in Posent 
700 1 2 |a Klinkowski, Edmund  |d 1910-1945  |t ˜Dieœ Rogasener Brandkatastrophen vom Jahre 1794t 
700 1 2 |a Hoinkes, Karl  |d 1882-1960  |t ˜Eineœ Bielitzer Begnadungs-Urkunde von 1316t 
772 0 8 |i Sonderdruck aus  |t Deutsche wissenschaftliche Zeitschrift für Polen. Heft 35, 1938  |d Posen : Verlag der Historischen Gesellschaft für Posen, 1938 
924 0 |9 Mb 50  |a (DE-603)1285510429  |b DE-Mb50  |c HES  |d c  |g S 38686